Анализ этических ценностей и подходов в деятельности организации; Непрерывное благополучие в мире

Detalles Bibliográficos
Parent link:Непрерывное благополучие в мире.— 2018.— [С. 83-87]
Autor Principal: Феденкова А. С. Анна Сергеевна
Autor Corporativo: Национальный исследовательский Томский политехнический университет Школа инженерного предпринимательства
Summary:Заглавие с титульного экрана
В статье дается обоснование использования подходов экономической этики в современных условиях. Анализируются основные этические проблемы, возникающие между субъектами экономических отношений. Дается анализ этических проблем возникающих во внешней и внутренней среде организаций, а также обоснование взаимосвязи "этичной" деятельности организации и ее влияния на макро и микро среду.
Idioma:ruso
Publicado: 2018
Subjects:
Acceso en liña:http://earchive.tpu.ru/handle/11683/53201
Formato: MixedMaterials Electrónico Capítulo de libro
KOHA link:https://koha.lib.tpu.ru/cgi-bin/koha/opac-detail.pl?biblionumber=629338

MARC

LEADER 00000naa2a2200000 4500
001 629338
005 20231215150121.0
035 |a (RuTPU)RU\TPU\conf\29877 
035 |a RU\TPU\conf\29875 
090 |a 629338 
100 |a 20190429d2018 k y0rusy50 ca 
101 0 |a rus 
102 |a RU 
105 |a y z 101zy 
135 |a drgn ---uucaa 
181 0 |a i  
182 0 |a b 
200 1 |a Анализ этических ценностей и подходов в деятельности организации  |f А. С. Феденкова 
203 |a Текст  |c электронный 
300 |a Заглавие с титульного экрана 
320 |a [Библиогр.: с. 87 (4 назв.)] 
330 |a В статье дается обоснование использования подходов экономической этики в современных условиях. Анализируются основные этические проблемы, возникающие между субъектами экономических отношений. Дается анализ этических проблем возникающих во внешней и внутренней среде организаций, а также обоснование взаимосвязи "этичной" деятельности организации и ее влияния на макро и микро среду. 
463 0 |0 (RuTPU)RU\TPU\conf\29867  |t Непрерывное благополучие в мире  |l Lifelong Wellbeing In The World  |o сборник научных трудов V Международного научного симпозиума, г. Томск, 24-28 апреля 2018 г.  |f Национальный исследовательский Томский политехнический университет (ТПУ) ; под ред. Г. А. Барышевой [и др.]  |v [С. 83-87]  |d 2018 
610 1 |a электронный ресурс 
610 1 |a труды учёных ТПУ 
610 1 |a этические ценности 
610 1 |a этика 
610 1 |a бизнес 
610 1 |a социальная ответственность 
610 1 |a мотивация 
700 1 |a Феденкова  |b А. С.  |c экономист  |c старший преподаватель Томского политехнического университета  |f 1984-  |g Анна Сергеевна  |3 (RuTPU)RU\TPU\pers\30870  |9 15116 
712 0 2 |a Национальный исследовательский Томский политехнический университет  |b Школа инженерного предпринимательства  |c (2017- )  |3 (RuTPU)RU\TPU\col\23544 
801 2 |a RU  |b 63413507  |c 20190513  |g RCR 
856 4 |u http://earchive.tpu.ru/handle/11683/53201 
942 |c BK